Detalles MARC
| 000 -LEADER |
| fixed length control field |
03693nam a2200469Ii 4500 |
| 001 - CONTROL NUMBER |
| control field |
DIGRBN0192 |
| 003 - CONTROL NUMBER IDENTIFIER |
| control field |
NyNyDIG |
| 008 - FIXED-LENGTH DATA ELEMENTS--GENERAL INFORMATION |
| fixed length control field |
160621t20152015sp a ob 000 0 spa d |
| 006 - FIXED-LENGTH DATA ELEMENTS--ADDITIONAL MATERIAL CHARACTERISTICS |
| fixed length control field |
m o d |
| 007 - PHYSICAL DESCRIPTION FIXED FIELD--GENERAL INFORMATION |
| fixed length control field |
cr ||||||||||| |
| 020 ## - INTERNATIONAL STANDARD BOOK NUMBER |
| International Standard Book Number |
9788416170111 |
| Qualifying information |
(eBook ; |
| -- |
pdf) |
| 020 ## - INTERNATIONAL STANDARD BOOK NUMBER |
| Canceled/invalid ISBN |
9788416170104 |
| 020 ## - INTERNATIONAL STANDARD BOOK NUMBER |
| Canceled/invalid ISBN |
841617010X |
| 040 ## - CATALOGING SOURCE |
| Original cataloging agency |
DGITA |
| Language of cataloging |
eng |
| Description conventions |
rda |
| -- |
pn |
| Transcribing agency |
DGITA |
| 043 ## - GEOGRAPHIC AREA CODE |
| Geographic area code |
e-sp--- |
| 050 14 - LIBRARY OF CONGRESS CALL NUMBER |
| Classification number |
JN8210 ebook |
| 245 03 - TITLE STATEMENT |
| Title |
La transición española : |
| Remainder of title |
nuevos enfoques para un viejo debate / |
| Statement of responsibility, etc. |
Marie-Claude Chaput y Julio Pérez Serrano (editores). |
| 250 ## - EDITION STATEMENT |
| Edition statement |
Edición digital. |
| 264 #1 - PRODUCTION, PUBLICATION, DISTRIBUTION, MANUFACTURE, AND COPYRIGHT NOTICE |
| Place of production, publication, distribution, manufacture |
Madrid : |
| Name of producer, publisher, distributor, manufacturer |
Biblioteca Nueva, |
| Date of production, publication, distribution, manufacture, or copyright notice |
2015. |
| 264 #4 - PRODUCTION, PUBLICATION, DISTRIBUTION, MANUFACTURE, AND COPYRIGHT NOTICE |
| Date of production, publication, distribution, manufacture, or copyright notice |
©2015 |
| 300 ## - PHYSICAL DESCRIPTION |
| Extent |
1 online resource (355 pages) : |
| Other physical details |
illustrations. |
| 336 ## - CONTENT TYPE |
| Content type term |
text |
| Content type code |
txt |
| Source |
rdacontent |
| 337 ## - MEDIA TYPE |
| Media type term |
computer |
| Media type code |
c |
| Source |
rdamedia |
| 338 ## - CARRIER TYPE |
| Carrier type term |
online resource |
| Carrier type code |
cr |
| Source |
rdacarrier |
| 490 1# - SERIES STATEMENT |
| Series statement |
Colección Historia Biblioteca Nueva |
| 504 ## - BIBLIOGRAPHY, ETC. NOTE |
| Bibliography, etc. note |
Includes bibliographical references. |
| 505 2# - FORMATTED CONTENTS NOTE |
| Formatted contents note |
Fundamentos de la transición / Salustiano del Campo -- Las elecciones de 1977, mitologías y sombras / Marie-Claude Chaput -- Narcís Serra, el socialista catalán que hizo la reforma militar / Pilar Martínez-Vasseur -- Volver sobre la Inmaculada Transición: el mito de una transición pacífica en España / Sophie Baby -- Estrategias de la izquierda radical en el segundo Franquismo y la Transición (1956-1982) / Julio Pérez Serrano -- Transición desde los municipios / Mónica Fernández Amador y Rafael Quirosa-Cheyrouze y Muñoz -- Sindicatos y transición en 1977 / Carmen González Martínez -- Movilización y desmovilización estudiantil durante la transición (1968-1982) / Eduardo González Calleja -- El País frente a la disidencia en el inicio de la Transición / Marie-Christine Moreau -- En los márgenes de la Transición: revistas, discursos y proyectos políticos / Aránzazu Sarría Buil -- La fe republicana de José Bergamín frente al espíritu de la transición / Iván López Cabello -- Las mutaciones socioculturales durante la transición democrática española: el caso de la revista satírica El Papus / Marine Lopata -- Seis miradas entrecruzadas sobre La Transición / Pierre-Paul Gregorio -- Las fotos de La Transición / Mario P. Díaz Barrado -- Políticas monumentales y espacios memoriales en torno a La Transición / Jesús Alonso Carballés -- Un balance crítico de la Transición política española / Jaime Pastor Verdú -- La reforma política desde la perspectiva actual / Eugenio del Río Gabarain -- La fueza de la palabra en los ideales democráticos de Luisa Isabel Alvarez de Toledo / Liliane Ma Dahlmann -- La Transición o la perpetuación de la clase dominante / José Vidal-Beneyto -- José Vidal Beneyto la la Delegación Exterior de la Junta democrática de España (1975-1976) / Antonio Sintado -- Archivo personal José Vidal Beneyto. |
| 588 0# - SOURCE OF DESCRIPTION NOTE |
| Source of description note |
Online resource; title from PDF title page (Digitalia, viewed October 21, 2016) |
| 650 #0 - SUBJECT ADDED ENTRY--TOPICAL TERM |
| Topical term or geographic name entry element |
Democratization |
| Geographic subdivision |
Spain |
| General subdivision |
History |
| Chronological subdivision |
20th century. |
| 650 #0 - SUBJECT ADDED ENTRY--TOPICAL TERM |
| Topical term or geographic name entry element |
Democracy |
| Geographic subdivision |
Spain |
| General subdivision |
History |
| Chronological subdivision |
20th century. |
| 651 #0 - SUBJECT ADDED ENTRY--GEOGRAPHIC NAME |
| Geographic name |
Spain |
| General subdivision |
Politics and government |
| Chronological subdivision |
1975- |
| 655 #0 - INDEX TERM--GENRE/FORM |
| Genre/form data or focus term |
Electronic books. |
| 700 1# - ADDED ENTRY--PERSONAL NAME |
| Personal name |
Chaput, Marie Claude, |
| Relator term |
editor. |
| 700 1# - ADDED ENTRY--PERSONAL NAME |
| Personal name |
Pérez Serrano, Julio, |
| Relator term |
editor. |
| 776 08 - ADDITIONAL PHYSICAL FORM ENTRY |
| Relationship information |
Print version: |
| Title |
Transición española. |
| Place, publisher, and date of publication |
Madrid : Biblioteca Nueva, 2015. |
| International Standard Book Number |
9788416170104 |
| Record control number |
(OCoLC)907638586 |
| 791 2# - |
| -- |
Digitalia (Firm), |
| -- |
distributor. |
| 793 0# - |
| -- |
Digitalia eBook Collection: |
| -- |
Biblioteca Nueva |
| 830 #0 - SERIES ADDED ENTRY--UNIFORM TITLE |
| Uniform title |
Colección Historia Biblioteca Nueva. |
| 856 40 - ELECTRONIC LOCATION AND ACCESS |
| Materials specified |
Digitalia Hispánica |
| Uniform Resource Identifier |
<a href="https://www.digitaliapublishing.com/a/40178/">https://www.digitaliapublishing.com/a/40178/</a> |
| 910 ## - USER-OPTION DATA (OCLC) |
| User-option data |
Premium Collection: 2016 |
| 942 ## - ADDED ENTRY ELEMENTS (KOHA) |
| Koha item type |
Recurso Electrónico |